Foreign-language Eurovision titles in English - Statistics

General Stats
  • This quiz has been taken 13 times
  • The average score is 6 of 12
Answer Stats
Hint Answer % Correct
Prayer Molitva
70%
Don't leave without me Ne partez pas sans moi
70%
Let it swing La det swinge
60%
Love for two Amar pelos dois
50%
If life is a gift Si la vie est cadeau
50%
Thanks, sweetiepie Merci, chérie
40%
I'm not old enough Non ho l'età
40%
Wax doll, bran doll Poupée de cire, poupée de son
40%
You will recognise yourself Tu te reconnaîtras
40%
I live singing Vivo cantando
40%
A bit Een beetje
30%
Just like then Net als toen
20%
No matching quizzes found
Score Distribution
Percent of People with Each Score
Percentile by Number Answered
Your Score History
You have not taken this quiz